[Event "Olomouc Summer op Seniors 20th"]
[Site "Olomouc"]
[Date "2017.08.19"]
[Round "9"]
[White "Koci, Ladislav"]
[Black "Fiala, Jiri"]
[Result "1/2-1/2"]
[WhiteElo "1821"]
[BlackElo "1817"]
[PlyCount "30"]
[EventDate "2017.08.12"]
[EventType "swiss"]
[EventRounds "9"]
[EventCountry "CZE"]
[SourceTitle "CBM 180 Extra"]
[Source "ChessBase"]
[SourceDate "2017.10.06"]
[SourceVersion "1"]
[SourceVersionDate "2017.10.06"]
[SourceQuality "1"]

1. d4 Nf6 2. Nf3 b6 3. c4 e6 4. g3 Bb7 5. Bg2 Bb4+ 6. Bd2 Qe7 7. a3 Bxd2+ 8. Qxd2 0-0 9. 0-0 d6 10. Nc3 Nbd7 11. Qc2 Rac8 12. Rfe1 Ba8 13. e4 e5 14. d5 c5 15. Nh4 g6 1/2-1/2

[Event "CZE-chT2F 1617"]
[Site "Czech Republic"]
[Date "2017.02.12"]
[Round "8.6"]
[White "Koci, Ladislav"]
[Black "Zak, Pavel"]
[Result "1/2-1/2"]
[WhiteElo "1855"]
[BlackElo "2029"]
[PlyCount "71"]
[EventDate "2016.10.09"]
[EventType "team-tourn"]
[EventRounds "11"]
[EventCountry "CZE"]
[SourceTitle "EXT 2022"]
[Source "ChessBase"]
[SourceDate "2021.10.06"]
[SourceVersion "1"]
[SourceVersionDate "2021.10.06"]
[SourceQuality "1"]
[WhiteTeam "Unicov"]
[BlackTeam "Benesov Dolni"]
[WhiteTeamCountry "CZE"]
[BlackTeamCountry "CZE"]

1. d4 d5 2. Nf3 Nf6 3. c4 c6 4. Qc2 Bg4 5. Ne5 Bh5 6. f3 e6 7. g4 Bg6 8. Nxg6 hxg6 9. Bg5 Nbd7 10. cxd5 cxd5 11. Nc3 a6 12. Rc1 Rc8 13. Qb3 b5 14. e3 Qb6 15. Kf2 Qb7 16. Bd3 Bd6 17. h4 Nb6 18. a4 b4 19. Ne2 Kd7 20. Rxc8 Rxc8 21. Bxf6 gxf6 22. h5 g5 23. h6 Nc4 24. h7 Qb8 25. Qc2 b3 26. Qc3 a5 27. Bxc4 dxc4 28. Qxa5 Rh8 29. Qb5+ Qxb5 30. axb5 Kc7 31. Nc3 Kb6 32. Rh6 Bf8 33. Rh1 Bb4 34. Ne4 Be7 35. Nc3 Bb4 36. Ne4 1/2-1/2

[Event "CZE-chT2F 1617"]
[Site "Czech Republic"]
[Date "2017.01.15"]
[Round "6.6"]
[White "Koci, Ladislav"]
[Black "Havelka, Ondrej"]
[Result "0-1"]
[WhiteElo "1855"]
[BlackElo "2041"]
[PlyCount "48"]
[EventDate "2016.10.09"]
[EventType "team-tourn"]
[EventRounds "11"]
[EventCountry "CZE"]
[SourceTitle "EXT 2022"]
[Source "ChessBase"]
[SourceDate "2021.10.06"]
[SourceVersion "1"]
[SourceVersionDate "2021.10.06"]
[SourceQuality "1"]
[WhiteTeam "Unicov"]
[BlackTeam "Dobra"]
[WhiteTeamCountry "CZE"]
[BlackTeamCountry "CZE"]

1. d4 Nf6 2. Nf3 e6 3. c4 Bb4+ 4. Bd2 Qe7 5. g3 Nc6 6. Bg2 0-0 7. 0-0 Bxd2 8. Qxd2 Ne4 9. Qf4 f5 10. Nc3 Nxc3 11. bxc3 d6 12. e4 e5 13. Qd2 f4 14. Qd3 Bg4 15. Rab1 b6 16. dxe5 Nxe5 17. Nxe5 dxe5 18. gxf4 exf4 19. Bf3 Rad8 20. Qe2 Qg5 21. Kh1 Rd2 22. Bxg4 Rxe2 23. Bxe2 f3 24. Rg1 Qh4 0-1

[Event "CZE-chT2F 1617"]
[Site "Czech Republic"]
[Date "2016.11.27"]
[Round "4.7"]
[White "Koci, Ladislav"]
[Black "Chytil, Petr"]
[Result "1/2-1/2"]
[WhiteElo "1855"]
[BlackElo "1894"]
[PlyCount "90"]
[EventDate "2016.10.09"]
[EventType "team-tourn"]
[EventRounds "11"]
[EventCountry "CZE"]
[SourceTitle "EXT 2022"]
[Source "ChessBase"]
[SourceDate "2021.10.06"]
[SourceVersion "1"]
[SourceVersionDate "2021.10.06"]
[SourceQuality "1"]
[WhiteTeam "Unicov"]
[BlackTeam "Velke Losiny"]
[WhiteTeamCountry "CZE"]
[BlackTeamCountry "CZE"]

1. d4 Nf6 2. Nf3 e6 3. c4 d5 4. g3 Be7 5. Bg2 0-0 6. cxd5 exd5 7. Nc3 c6 8. 0-0 Nbd7 9. Bf4 Re8 10. Rc1 Nf8 11. h3 Ng6 12. Be3 Bd6 13. Bg5 Be7 14. Qa4 Ne4 15. Bxe7 Qxe7 16. e3 Nd6 17. Nd2 Bf5 18. Kh2 Nf8 19. Bxd5 cxd5 20. Nxd5 Qg5 21. Nc7 Qh6 22. h4 Ng6 23. d5 Rxe3 24. fxe3 Qxe3 25. Qd1 Ne5 26. Qe1 Ng4+ 27. Kh1 Rc8 28. Qxe3 Nxe3 29. Rfe1 Ng4 30. Nc4 Ne4 31. d6 Nef2+ 32. Kg1 Nd3 33. Rf1 Nxc1 34. Rxf5 Ne2+ 35. Kg2 Nf6 36. Re5 Nd4 37. b3 Nc6 38. Re1 Rd8 39. Rd1 a6 40. Nb6 Kf8 41. Kf3 Ne5+ 42. Kf4 Ned7 43. Nxd7+ Rxd7 44. g4 Rd8 45. g5 Nd7 1/2-1/2

[Event "Tatry op"]
[Site "Tatranske Zruby"]
[Date "2012.09.27"]
[Round "6"]
[White "Koci, Ladislav"]
[Black "Ptacnik, Stanislav"]
[Result "1/2-1/2"]
[WhiteElo "1942"]
[BlackElo "2089"]
[PlyCount "62"]
[EventDate "2012.09.23"]
[EventType "swiss"]
[EventRounds "9"]
[EventCountry "SVK"]
[SourceTitle "CBM 150 Extra"]
[Source "ChessBase"]
[SourceDate "2012.10.19"]
[SourceVersion "1"]
[SourceVersionDate "2012.10.19"]
[SourceQuality "1"]

1. d4 Nf6 2. c4 e5 3. e3 e4 4. Nc3 Bb4 5. Bd2 a5 6. Nge2 c6 7. a3 Bxc3 8. Nxc3 0-0 9. Be2 d5 10. cxd5 cxd5 11. 0-0 Re8 12. Rc1 Nc6 13. Nb5 Bf5 14. Rc5 Qd7 15. Kh1 h5 16. f3 g6 17. Qe1 Kg7 18. Qg3 Rh8 19. Qc7 exf3 20. gxf3 Bh3 21. Qxd7 Nxd7 22. Rxd5 Nf6 23. Rc5 Bxf1 24. Bxf1 Rhd8 25. Bc3 Nd5 26. Rxd5 Rxd5 27. Nc7 Rad8 28. Nxd5 Rxd5 29. e4 Rxd4 30. Bxd4+ Nxd4 31. Kg2 f6 1/2-1/2

[Event "Tatry op"]
[Site "Tatranske Zruby"]
[Date "2012.09.25"]
[Round "4"]
[White "Koci, Ladislav"]
[Black "Hanzluvka, Peter"]
[Result "1/2-1/2"]
[WhiteElo "1942"]
[BlackElo "2032"]
[PlyCount "51"]
[EventDate "2012.09.23"]
[EventType "swiss"]
[EventRounds "9"]
[EventCountry "SVK"]
[SourceTitle "CBM 150 Extra"]
[Source "ChessBase"]
[SourceDate "2012.10.19"]
[SourceVersion "1"]
[SourceVersionDate "2012.10.19"]
[SourceQuality "1"]

1. d4 d5 2. c4 e6 3. Nf3 Nf6 4. Nc3 Be7 5. e3 Nbd7 6. Bd3 dxc4 7. Bxc4 b6 8. 0-0 Bb7 9. Qe2 0-0 10. Rd1 Re8 11. e4 Nf8 12. Ne5 Qc8 13. Bg5 N6d7 14. Bxe7 Rxe7 15. Nf3 Nf6 16. Rd2 Qe8 17. Rad1 Rd8 18. h3 Ng6 19. Qe3 Rdd7 20. Bb5 c6 21. Ba4 Qb8 22. g3 Rd8 23. Bb3 h6 24. e5 Nd5 25. Nxd5 cxd5 26. Rc1 1/2-1/2

[Event "Nachod op"]
[Site "Nachod"]
[Date "2012.07.08"]
[Round "9"]
[White "Mohapl, Petr"]
[Black "Koci, Ladislav"]
[Result "1/2-1/2"]
[WhiteElo "2096"]
[BlackElo "1937"]
[PlyCount "34"]
[EventDate "2012.06.30"]
[EventType "swiss"]
[EventRounds "9"]
[EventCountry "CZE"]
[SourceTitle "CBM 149 Extra"]
[Source "ChessBase"]
[SourceDate "2012.08.24"]
[SourceVersion "1"]
[SourceVersionDate "2012.08.24"]
[SourceQuality "1"]

1. c4 c5 2. g3 g6 3. Bg2 Bg7 4. Nf3 Nf6 5. 0-0 0-0 6. d3 d6 7. Nc3 Nc6 8. Bg5 h6 9. Bd2 Bg4 10. Qc1 Kh7 11. h3 Bd7 12. a3 Rb8 13. Rb1 Qc8 14. Kh2 Qc7 15. Nb5 Qc8 16. Nc3 Qc7 17. Nb5 Qc8 1/2-1/2

[Event "Tatry op"]
[Site "Tatranske Zruby"]
[Date "2011.09.30"]
[Round "7"]
[White "Koci, Ladislav"]
[Black "Matejov, Jaroslav"]
[Result "0-1"]
[WhiteElo "1946"]
[BlackElo "2175"]
[PlyCount "84"]
[EventDate "2011.09.25"]
[EventType "swiss"]
[EventRounds "9"]
[EventCountry "SVK"]
[SourceTitle "CBM 144 Extra"]
[Source "ChessBase"]
[SourceDate "2011.10.28"]
[SourceVersion "1"]
[SourceVersionDate "2011.10.28"]
[SourceQuality "1"]

1. d4 Nf6 2. c4 e6 3. Nf3 b6 4. a3 Bb7 5. Nc3 d5 6. cxd5 Nxd5 7. g3 Nd7 8. Bg2 Be7 9. 0-0 Nxc3 10. bxc3 0-0 11. Bb2 c5 12. Qd3 Nf6 13. Rfd1 Qc7 14. Rac1 Rfd8 15. e3 Be4 16. Qf1 Rac8 17. Ng5 Bxg2 18. Qxg2 h6 19. Ne4 Nh7 20. f4 cxd4 21. cxd4 Qd7 22. Qe2 Rxc1 23. Rxc1 Rc8 24. Qd2 f5 25. Nf2 Nf6 26. Rc2 Qb7 27. Qc1 Rxc2 28. Qxc2 Kf7 29. Nd3 Bd6 30. Ne5+ Bxe5 31. dxe5 Ne4 32. Bd4 b5 33. Bb2 g6 34. Bd4 h5 35. Qd1 Qc7 36. Kg2 a6 37. Kg1 Ke7 38. Bb2 Qc4 39. Qd4 Qc2 40. Qa7+ Kf8 41. Qb8+ Kg7 42. Qc7+ Qxc7 0-1

[Event "CZE-chT2F 1011"]
[Site "Czech Republic"]
[Date "2010.12.05"]
[Round "4.7"]
[White "Vasek, Vladimir"]
[Black "Koci, Ladislav"]
[Result "1-0"]
[WhiteElo "1964"]
[BlackElo "1985"]
[PlyCount "91"]
[EventDate "2010.10.17"]
[EventType "team-tourn"]
[EventRounds "11"]
[EventCountry "CZE"]
[SourceTitle "EXT 2012"]
[Source "ChessBase"]
[SourceDate "2011.11.24"]
[SourceVersion "1"]
[SourceVersionDate "2011.11.24"]
[SourceQuality "1"]
[WhiteTeam "Senov"]
[BlackTeam "Unicov"]
[WhiteTeamCountry "CZE"]
[BlackTeamCountry "CZE"]

1. e4 c5 2. Nf3 e6 3. c3 Nf6 4. e5 Nd5 5. d4 cxd4 6. cxd4 d6 7. Bb5+ Bd7 8. Bxd7+ Nxd7 9. 0-0 Qc7 10. Bd2 Be7 11. Nc3 Nxc3 12. Bxc3 0-0 13. Rc1 Rac8 14. Bb4 Qb8 15. Rxc8 Rxc8 16. d5 exd5 17. Qxd5 Nc5 18. Rc1 b6 19. Rc4 dxe5 20. Nxe5 Qd6 21. Qxf7+ Kh8 22. Qh5 Rf8 23. Rc1 Kg8 24. Rd1 Qf6 25. Qe2 Qh4 26. Qc4+ Qxc4 27. Nxc4 Rf4 28. b3 b5 29. Bxc5 Bxc5 30. Rd8+ Kf7 31. Ne3 Re4 32. Rd3 Ke6 33. Kf1 b4 34. Ke2 Rd4 35. Rxd4 Bxd4 36. Kd3 Bc3 37. Ke4 Be1 38. Nd1 Bd2 39. Ne3 Be1 40. f4 Bd2 41. Nd5 g6 42. g4 h5 43. h3 hxg4 44. hxg4 g5 45. fxg5 a5 46. Nf4+ 1-0

[Event "Tatry op"]
[Site "Tatranske Zruby"]
[Date "2010.10.04"]
[Round "3"]
[White "Koci, Ladislav"]
[Black "Briza, Jiri"]
[Result "0-1"]
[WhiteElo "2003"]
[BlackElo "1919"]
[PlyCount "102"]
[EventDate "2010.10.02"]
[EventType "swiss"]
[EventRounds "9"]
[EventCountry "SVK"]
[SourceTitle "CBM 138 Extra"]
[Source "ChessBase"]
[SourceDate "2010.10.29"]
[SourceVersion "1"]
[SourceVersionDate "2010.10.29"]
[SourceQuality "1"]

1. d4 d5 2. c4 dxc4 3. Nf3 a6 4. a4 Bg4 5. Ne5 Bh5 6. g4 Bg6 7. Nc3 e6 8. Bg2 c6 9. h4 f6 10. Nxg6 hxg6 11. Qc2 f5 12. Bg5 Be7 13. Bxe7 Qxe7 14. h5 Qg5 15. hxg6 Rxh1+ 16. Bxh1 Nd7 17. e4 Qxg4 18. Kf1 0-0-0 19. Bg2 Ne7 20. d5 exd5 21. exd5 f4 22. dxc6 f3 23. cxd7+ Rxd7 24. Bxf3 Qxf3 25. Ne2 Qh3+ 26. Kg1 Qg4+ 27. Ng3 Nxg6 28. Qf5 Qxf5 29. Nxf5 Nf4 30. Kf1 Rd2 31. Ne3 b5 32. axb5 axb5 33. Nd1 Nd3 34. Rb1 b4 35. Kg2 Rc2 36. Kf3 Kc7 37. Ke3 Kc6 38. Kd4 Kb5 39. b3 Nxf2 40. Nxf2 Rxf2 41. bxc4+ Ka4 42. Ra1+ Kb3 43. Rg1 Rd2+ 44. Kc5 Rd7 45. Kc6 Rf7 46. c5 Ka2 47. Rg4 b3 48. Ra4+ Kb1 49. Kd6 b2 50. Rg4 Ka2 51. Rg2 Ka1 0-1

[Event "Tatry op"]
[Site "Tatranske Zruby"]
[Date "2009.09.30"]
[Round "5"]
[White "Ruckschloss, Karol"]
[Black "Koci, Ladislav"]
[Result "1-0"]
[WhiteElo "2255"]
[BlackElo "2019"]
[PlyCount "63"]
[EventDate "2009.09.27"]
[EventType "swiss"]
[EventRounds "9"]
[EventCountry "SVK"]
[SourceTitle "EXT 2011"]
[Source "ChessBase"]
[SourceDate "2010.11.26"]
[SourceVersion "1"]
[SourceVersionDate "2010.11.26"]
[SourceQuality "1"]

1. c4 Nf6 2. d4 g6 3. Nc3 Bg7 4. e4 d6 5. Be2 0-0 6. h4 h5 7. Nh3 Bxh3 8. Rxh3 Nbd7 9. f4 c5 10. d5 Re8 11. Rd3 a6 12. a4 Qc7 13. g4 hxg4 14. Bxg4 Nxg4 15. Qxg4 Nf6 16. Qg2 Kh7 17. f5 Rg8 18. Bd2 gxf5 19. exf5 Bh6 20. Qf1 Bxd2+ 21. Kxd2 Rg4 22. Re3 Rag8 23. Rae1 Qb6 24. Kc2 Rg2+ 25. R3e2 Rg1 26. Qxg1 Rxg1 27. Rxg1 Qb4 28. Rxe7 Nh5 29. Rxf7+ Kh8 30. b3 Qa3 31. Rxb7 Nf4 32. Re1 1-0

[Event "Tatry op"]
[Site "Tatranske Zruby"]
[Date "2009.09.27"]
[Round "1"]
[White "Ptacnik, Stanislav"]
[Black "Koci, Ladislav"]
[Result "1/2-1/2"]
[WhiteElo "2116"]
[BlackElo "2019"]
[PlyCount "61"]
[EventDate "2009.09.27"]
[EventType "swiss"]
[EventRounds "9"]
[EventCountry "SVK"]
[SourceTitle "EXT 2011"]
[Source "ChessBase"]
[SourceDate "2010.11.26"]
[SourceVersion "1"]
[SourceVersionDate "2010.11.26"]
[SourceQuality "1"]

1. e4 c5 2. Nf3 d6 3. d4 cxd4 4. Qxd4 a6 5. Be3 Nc6 6. Qd2 Nf6 7. Nc3 e6 8. h3 Qc7 9. Bd3 Bd7 10. 0-0 Be7 11. Rfe1 0-0 12. Rad1 Ne5 13. Nxe5 dxe5 14. Bg5 Bc6 15. Kh1 h6 16. Bxh6 gxh6 17. Qxh6 Nh7 18. f4 Bb5 19. Nxb5 axb5 20. Bxb5 exf4 21. e5 Bg5 22. Qh5 Rad8 23. Bd3 f5 24. exf6 Bxf6 25. Rxe6 Qf7 26. Qg4+ Kh8 27. Rde1 Rde8 28. Bg6 Rxe6 29. Rxe6 Qg7 30. Qh5 Kg8 31. Qd5 1/2-1/2

[Event "Tabor op"]
[Site "Tabor"]
[Date "2008.07.29"]
[Round "4"]
[White "Kozak, Milos"]
[Black "Koci, Ladislav"]
[Result "1/2-1/2"]
[WhiteElo "2209"]
[BlackElo "2029"]
[PlyCount "45"]
[EventDate "2008.07.26"]
[EventType "swiss"]
[EventRounds "9"]
[EventCountry "CZE"]
[SourceTitle "CBM 125 Extra"]
[Source "ChessBase"]
[SourceDate "2008.09.01"]
[SourceVersion "1"]
[SourceVersionDate "2008.09.01"]
[SourceQuality "1"]

1. c4 Nf6 2. Nf3 g6 3. Nc3 Bg7 4. d4 0-0 5. e4 d6 6. Be2 Nbd7 7. 0-0 e5 8. Be3 c6 9. d5 c5 10. Ne1 Ne8 11. g4 h6 12. Qd2 Kh7 13. Kh1 g5 14. f3 Rh8 15. Ng2 Nf8 16. Bd3 Ng6 17. Ne2 Bf6 18. Ng3 Ng7 19. Nf5 Nxf5 20. gxf5 Nf4 21. Nxf4 exf4 22. Bg1 Be5 23. Rab1 1/2-1/2

[Event "Tabor op"]
[Site "Tabor"]
[Date "2008.07.28"]
[Round "3"]
[White "Koci, Ladislav"]
[Black "Speperova, Katerina"]
[Result "1-0"]
[WhiteElo "2029"]
[BlackElo "1798"]
[PlyCount "45"]
[EventDate "2008.07.26"]
[EventType "swiss"]
[EventRounds "9"]
[EventCountry "CZE"]
[SourceTitle "CBM 125 Extra"]
[Source "ChessBase"]
[SourceDate "2008.09.01"]
[SourceVersion "1"]
[SourceVersionDate "2008.09.01"]
[SourceQuality "1"]

1. e4 e5 2. Nf3 Nf6 3. Nc3 d6 4. d4 exd4 5. Nxd4 Be7 6. Be2 0-0 7. 0-0 Bd7 8. Be3 Nc6 9. h3 Nxd4 10. Bxd4 Bc6 11. Qd3 Nd7 12. f4 Bf6 13. Rad1 Re8 14. b4 Bxd4+ 15. Qxd4 Nf6 16. Bf3 Qd7 17. Qc4 b5 18. Qd3 a5 19. e5 axb4 20. Nb1 dxe5 21. Qxd7 Bxd7 22. Bxa8 Rxa8 23. fxe5 1-0

[Event "Tatry op"]
[Site "Tatranske Zruby"]
[Date "2007.09.29"]
[Round "9"]
[White "Jandecka, Tomas"]
[Black "Koci, Ladislav"]
[Result "1-0"]
[WhiteElo "2202"]
[BlackElo "2035"]
[PlyCount "67"]
[EventDate "2007.09.22"]
[EventType "swiss"]
[EventRounds "9"]
[EventCountry "SVK"]
[SourceTitle "CBM 120 Extra"]
[Source "ChessBase"]
[SourceDate "2007.11.01"]
[SourceVersion "1"]
[SourceVersionDate "2007.11.01"]
[SourceQuality "1"]

1. e4 c5 2. Nc3 d6 3. g3 g6 4. Bg2 Bg7 5. d3 Nc6 6. Be3 e6 7. Qd2 Nge7 8. Bh6 0-0 9. h4 Kh8 10. Bxg7+ Kxg7 11. h5 Ng8 12. Nh3 h6 13. f4 e5 14. Nd5 Bg4 15. hxg6 fxg6 16. Nf2 Be6 17. 0-0-0 Rb8 18. Kb1 Qa5 19. Qe3 Nb4 20. a3 Nc6 21. f5 gxf5 22. exf5 Rxf5 23. Be4 Nd4 24. g4 Rg5 25. Rxh6 Qd8 26. Rh7+ Kf8 27. Nh3 Rg7 28. Rf1+ Bf7 29. Ng5 Rxh7 30. Bxh7 Nh6 31. Nxf7 Nxf7 32. Qh6+ Ke8 33. Rxf7 Kxf7 34. Qg6+ 1-0

[Event "Tabor op"]
[Site "Tabor"]
[Date "2007.08.01"]
[Round "5"]
[White "Koci, Ladislav"]
[Black "Schmidt, Karel"]
[Result "1-0"]
[WhiteElo "2035"]
[BlackElo "1666"]
[PlyCount "45"]
[EventDate "2007.07.29"]
[EventType "swiss"]
[EventRounds "9"]
[EventCountry "CZE"]
[SourceTitle "EXT 2009"]
[Source "ChessBase"]
[SourceDate "2008.11.26"]
[SourceVersion "1"]
[SourceVersionDate "2008.11.26"]
[SourceQuality "1"]

1. d4 d5 2. c4 e6 3. Nf3 Nf6 4. Bg5 Nbd7 5. e3 h6 6. Bh4 c6 7. Bd3 Bb4+ 8. Nbd2 dxc4 9. Bxc4 Qc7 10. Bg3 Bd6 11. Bxd6 Qxd6 12. Bb3 0-0 13. 0-0 Nb6 14. Rc1 Rd8 15. Ne5 Bd7 16. f4 Rac8 17. Ndf3 Be8 18. g4 Nbd5 19. Qe2 Ne4 20. Bc2 f5 21. Bxe4 fxe4 22. Nd2 Bg6 23. Nxg6 1-0

[Event "Tabor op"]
[Site "Tabor"]
[Date "2007.07.30"]
[Round "2"]
[White "Haman, Martin"]
[Black "Koci, Ladislav"]
[Result "0-1"]
[WhiteElo "1615"]
[BlackElo "2035"]
[PlyCount "72"]
[EventDate "2007.07.29"]
[EventType "swiss"]
[EventRounds "9"]
[EventCountry "CZE"]
[SourceTitle "EXT 2009"]
[Source "ChessBase"]
[SourceDate "2008.11.26"]
[SourceVersion "1"]
[SourceVersionDate "2008.11.26"]
[SourceQuality "1"]

1. e4 c5 2. Nf3 d6 3. d4 cxd4 4. Nxd4 Nf6 5. Nc3 e6 6. Bg5 a6 7. f4 Qc7 8. Qf3 Nc6 9. Nb3 Be7 10. 0-0-0 b5 11. a3 Bd7 12. g4 0-0 13. Bd3 Rfb8 14. Qe2 b4 15. axb4 Nxb4 16. Kb1 Bb5 17. Bxb5 axb5 18. h3 Qb7 19. Bxf6 Bxf6 20. Rxd6 Bxc3 21. bxc3 Na2 22. Rd3 Qa7 23. Rhd1 b4 24. cxb4 Nxb4 25. Rd4 Nd3 26. Rd8+ Rxd8 27. Rxd3 Qg1+ 28. Kb2 Rdb8 29. Qd1 Qa7 30. Kc1 Qc7 31. e5 Rc8 32. Qd2 Ra2 33. Nd4 Ra1+ 34. Kb2 Qa7 35. c4 Qa2+ 36. Kc3 Qxc4+ 0-1

[Event "Tatry op"]
[Site "Tatranske Zruby"]
[Date "2005.09.17"]
[Round "9"]
[White "Jurcisin, Imrich"]
[Black "Koci, Ladislav"]
[Result "1/2-1/2"]
[WhiteElo "2148"]
[BlackElo "2031"]
[PlyCount "66"]
[EventDate "2005.09.10"]
[EventType "swiss"]
[EventRounds "9"]
[EventCountry "SVK"]
[SourceTitle "CBM 108 Extra"]
[Source "ChessBase"]
[SourceDate "2005.11.04"]
[SourceVersion "1"]
[SourceVersionDate "2005.11.04"]
[SourceQuality "1"]

1. e4 c5 2. Nf3 d6 3. d4 cxd4 4. Nxd4 Nf6 5. Nc3 a6 6. Bg5 Nbd7 7. f4 Qc7 8. Qf3 e5 9. Nf5 h6 10. Bh4 exf4 11. Bxf6 Nxf6 12. Qxf4 Be6 13. Bd3 0-0-0 14. 0-0 g6 15. Nd4 Bg7 16. Nxe6 fxe6 17. Qe3 Rhf8 18. Qh3 Qc5+ 19. Kh1 Qe5 20. Rae1 Kb8 21. Nd1 g5 22. Qe3 Rf7 23. Qb6 Rdf8 24. Ne3 Nd7 25. Qb4 Rxf1+ 26. Rxf1 Rxf1+ 27. Nxf1 Nc5 28. Qb6 Qf4 29. Be2 Be5 30. b4 Nxe4 31. Bxa6 Nf2+ 32. Kg1 Nh3+ 33. Kh1 Nf2+ 1/2-1/2

[Event "Tatry op"]
[Site "Tatranske Zruby"]
[Date "2005.09.14"]
[Round "6"]
[White "Koci, Ladislav"]
[Black "Koval, Daniel"]
[Result "1/2-1/2"]
[WhiteElo "2031"]
[BlackElo "2183"]
[PlyCount "32"]
[EventDate "2005.09.10"]
[EventType "swiss"]
[EventRounds "9"]
[EventCountry "SVK"]
[SourceTitle "CBM 108 Extra"]
[Source "ChessBase"]
[SourceDate "2005.11.04"]
[SourceVersion "1"]
[SourceVersionDate "2005.11.04"]
[SourceQuality "1"]

1. e4 e6 2. d4 d5 3. Nc3 Bb4 4. e5 c5 5. Nf3 Ne7 6. Bd2 Bd7 7. a3 Bxc3 8. Bxc3 b6 9. b3 Nbc6 10. Bd3 Ng6 11. Bb2 cxd4 12. Bxg6 hxg6 13. 0-0 Rc8 14. Rc1 Qc7 15. Re1 0-0 16. Qd3 Qd8 1/2-1/2

[Event "Tatry op"]
[Site "Tatranske Zruby"]
[Date "2005.09.13"]
[Round "5"]
[White "Lorenc, Tomas"]
[Black "Koci, Ladislav"]
[Result "1/2-1/2"]
[WhiteElo "2125"]
[BlackElo "2031"]
[PlyCount "63"]
[EventDate "2005.09.10"]
[EventType "swiss"]
[EventRounds "9"]
[EventCountry "SVK"]
[SourceTitle "CBM 108 Extra"]
[Source "ChessBase"]
[SourceDate "2005.11.04"]
[SourceVersion "1"]
[SourceVersionDate "2005.11.04"]
[SourceQuality "1"]

1. b4 e5 2. Bb2 f6 3. e4 Bxb4 4. Bc4 Nc6 5. f4 Qe7 6. a3 Ba5 7. Nf3 exf4 8. Bd5 Bb6 9. d4 d6 10. 0-0 Bg4 11. Kh1 Qd7 12. c4 0-0-0 13. a4 Ba5 14. Nc3 Nb4 15. Qb3 Ne7 16. Ba3 Nbxd5 17. cxd5 Bxc3 18. Qxc3 Bxf3 19. Rxf3 Kb8 20. Qa5 Ka8 21. Rc1 Rc8 22. Rfc3 c6 23. h3 f3 24. Rxf3 cxd5 25. exd5 Rxc1+ 26. Bxc1 Rc8 27. Ba3 Rc4 28. Re3 Nf5 29. Re6 Rxa4 30. Qc3 a6 31. g4 Qb5 32. gxf5 1/2-1/2

[Event "Tatry op"]
[Site "Tatranske Zruby"]
[Date "2005.09.12"]
[Round "3"]
[White "Spik, Peter"]
[Black "Koci, Ladislav"]
[Result "0-1"]
[WhiteElo "2141"]
[BlackElo "2031"]
[PlyCount "108"]
[EventDate "2005.09.10"]
[EventType "swiss"]
[EventRounds "9"]
[EventCountry "SVK"]
[SourceTitle "CBM 108 Extra"]
[Source "ChessBase"]
[SourceDate "2005.11.04"]
[SourceVersion "1"]
[SourceVersionDate "2005.11.04"]
[SourceQuality "1"]

1. d4 Nf6 2. c4 g6 3. Nc3 Bg7 4. Nf3 0-0 5. g3 d6 6. Bg2 c6 7. 0-0 Nbd7 8. Qc2 Qc7 9. Rd1 Rb8 10. c5 b5 11. cxd6 exd6 12. Bf4 b4 13. Na4 Nd5 14. Bd2 Re8 15. Ng5 N7f6 16. e4 Ne7 17. Rac1 h6 18. Nf3 Bd7 19. h4 Qa5 20. b3 Rbc8 21. Bf4 c5 22. Qd3 Bb5 23. Qe3 Ned5 24. Qd2 Nxe4 25. Qb2 Nxf4 26. gxf4 c4 27. Re1 Qa6 28. Qb1 f5 29. Bf1 c3 30. Bxb5 Qxb5 31. Qc2 Kf7 32. Re3 Re6 33. Rce1 Rce8 34. a3 a5 35. axb4 axb4 36. Kg2 Qb7 37. Kg1 Qb5 38. Kg2 Nf6 39. Rxe6 Rxe6 40. Rxe6 Kxe6 41. Qc1 Qe2 42. Qe1 Qxe1 43. Nxe1 Nd5 44. Nc2 Nxf4+ 45. Kf3 Nd5 46. Kg3 h5 47. f4 Bf6 48. Nxb4 Nxb4 49. Nxc3 Bxd4 50. Nb5 Bb2 51. Kf3 Kd7 52. Ke2 Kc6 53. Na7+ Kc5 54. Kd2 Bf6 0-1

[Event "Tatry op"]
[Site "Tatranske Zruby"]
[Date "2005.09.10"]
[Round "1"]
[White "Gibiec, Ernest"]
[Black "Koci, Ladislav"]
[Result "1-0"]
[WhiteElo "2265"]
[BlackElo "2031"]
[PlyCount "77"]
[EventDate "2005.09.10"]
[EventType "swiss"]
[EventRounds "9"]
[EventCountry "SVK"]
[SourceTitle "CBM 108 Extra"]
[Source "ChessBase"]
[SourceDate "2005.11.04"]
[SourceVersion "1"]
[SourceVersionDate "2005.11.04"]
[SourceQuality "1"]

1. d4 Nf6 2. Nf3 g6 3. c4 Bg7 4. Nc3 0-0 5. Bg5 h6 6. Bh4 d6 7. e3 g5 8. Bg3 Bf5 9. Be2 Nbd7 10. h4 g4 11. Nh2 Nh5 12. Bxg4 Nxg3 13. fxg3 Bh7 14. 0-0 e6 15. Bf3 Rb8 16. Qd2 f5 17. Rad1 a6 18. b4 Qe7 19. a4 Nb6 20. Qa2 c5 21. bxc5 dxc5 22. a5 cxd4 23. exd4 Qb4 24. axb6 Qxc3 25. d5 Kh8 26. dxe6 Qe3+ 27. Qf2 Qxe6 28. Bd5 Qe5 29. Nf3 Qc3 30. Nd4 Be5 31. Ne2 Qa3 32. Nf4 Rf6 33. Rfe1 Bd6 34. Re3 Qb4 35. Nd3 Qa4 36. Ree1 Qa3 37. Qd4 Rbf8 38. Ra1 Qb3 39. Reb1 1-0